| 000 | 00950nam a2200265 i 4500 | ||
|---|---|---|---|
| 001 | 187035 | ||
| 003 | SpMaBN | ||
| 005 | 20230906222812.0 | ||
| 008 | 170404s1987 sp bd |||| | spa d | ||
| 020 | _a84-7719-038-0 | ||
| 080 | _a314(460.181 L.) | ||
| 080 | _a308(460.181 L.) | ||
| 100 | 1 |
_aGonzález González, María Jesús. _958685 |
|
| 245 | 1 | 0 |
_aDiferenciación socioeconómica en la ciudad de León / _cMaría Jesús González González. |
| 260 |
_aLeón : _bUniversidad, Servicio de Publicaciones, _c1987. |
||
| 300 |
_a403 p. : _bgráf., mapas ; _c24 cm. |
||
| 490 | 1 |
_aBiblioteca de Castilla y León. _aGeografía ; _v2 |
|
| 504 | _aBibliografía: p. 395-403. | ||
| 651 | 7 |
_aLeón- _xPoblación. _9162275 |
|
| 651 | 7 |
_aLeón- _xSituación social. _98914 |
|
| 710 | 2 |
_aUniversidad de León. _97200 |
|
| 830 | 0 |
_aBiblioteca de Castilla y León. _aGeografía ; _v2 _9225499 |
|
| 852 |
_aES-MaACL _jL-31356 |
||
| 999 |
_c187035 _d187035 |
||